00520nam a22001817a 450000500170000001000150001702000260003203500140005803700130007208200080008510000180009324500620011126000480017327000540022130000240027550000190029970000200031820170428153439.0 aENG-117987 a9781107020276c395.00 aEN-101519 bDBAD/PUB a954 aGanguly,Sumit10aIndia since 1980 /cby Sumit Ganguly [and] Rahul Mukherji aNew DelhibCambridge University Pressc2011 a4381/4, Ansari Road, DaryaganjbNew Delhie110002 axi,201p. c23cm(Hb) aIncludes index a Mukherji,Rahul